Planets and Dwarf Planets in order - Statistics

General Stats
  • This quiz has been taken 19 times
  • The average score is 12 of 13
Answer Stats
Planet % Correct
Earth
100%
Mars
100%
Mercury
100%
Venus
100%
Ceres
92%
Jupiter
92%
Neptune
92%
Saturn
92%
Uranus
92%
Eris
85%
Pluto
85%
Haumea
77%
Makemake
77%
No matching quizzes found
Score Distribution
Percent of People with Each Score
Percentile by Number Answered
Your Score History
You have not taken this quiz